000 00503nam a22001937a 4500
003 OSt
005 20220107122838.0
008 180426b xxu||||| |||| 00| 0 eng d
020 _a9789350134313
040 _cIIITMK
082 _aR004
245 _aComputer science and applications:
_bUGC NET/JRF Exam- solved papers
260 _aAgra,
_bUpkar's,
_c2017.
650 _aCOMPUTER SCIENCE
_913964
650 _aNET
_913965
650 _aJRF
_913966
650 _aSOLVED PAPERS
_913967
942 _2ddc
_cBK
999 _c6038
_d6038